LEADER 01202nam--2200409---450- 001 990000834640203316 005 20050112111209.0 035 $a0083464 035 $aUSA010083464 035 $a(ALEPH)000083464USA01 035 $a0083464 100 $a20020103d1985----km-y0itay0103----ba 101 $aita 102 $aIT 105 $a||||||||001yy 200 1 $aLeyla e Majnun$fNezamj$ga cura di Giovanna Calasso 210 $aMilano$cAdelphi$dc1985 215 $a205 p., 4 c. di tav.$cill.$d22 cm 225 2 $aBiblioteca Adelphi$v162 300 $aTrad. di Giovanna Calasso 312 $aLaylà va Majnun 410 $12001$aBiblioteca Adelphi$v162 454 $12001$aLaylà va Majnun$940106 676 $a891.55 700 1$aNIZAMJ$0550967 702 1$aCALASSO,$bGiovanna 801 0$aIT$bsalbc$gISBD 912 $a990000834640203316 951 $aVIII.2.A. 43(VARIE COLL. 87/162)$b130626 LM$cVARIE COLL. 959 $aBK 969 $aUMA 979 $aPATTY$b90$c20020103$lUSA01$h1110 979 $c20020403$lUSA01$h1729 979 $aPATRY$b90$c20040406$lUSA01$h1657 979 $aCOPAT3$b90$c20050112$lUSA01$h1112 996 $aLaylà va Majnun$940106 997 $aUNISA LEADER 01433nam 2200385 n 450 001 996395497103316 005 20221108082646.0 035 $a(CKB)3810000000014848 035 $a(EEBO)2240931360 035 $a(UnM)9959345000971 035 $a(EXLCZ)993810000000014848 100 $a20790719d1736 uy 101 0 $aeng 135 $aurbn||||a|bb| 200 10$a[To the honourable the commissioners of His Majesty's excise. The case of Dr. Sayer Rudd, in answer to an information lodged against him ... for retaling spirituous liquors]$b[electronic resource] 210 $a[London $cs.n.]$d1736 215 $a2 p 300 $aTitle and imprint suggested by the British Library. 300 $aSigned: October the 19th 1736. ... Sayer Rudd. 300 $aImperfect: verso only filmed. 300 $aReproduction of original in the British Library. 330 $aeebo-0018 606 $aDistillation$vEarly works to 1800 606 $aLiquors$vEarly works to 1800 615 0$aDistillation 615 0$aLiquors 700 $aRudd$b Sayer$fd. 1757.$01018298 801 0$bUk-ES 801 1$bUk-ES 801 2$bCStRLIN 801 2$bCu-RivES 906 $aBOOK 912 $a996395497103316 996 $aTo the honourable the commissioners of His Majesty's excise. The case of Dr. Sayer Rudd, in answer to an information lodged against him ... for retaling spirituous liquors$92394231 997 $aUNISA LEADER 01331nam 2200361Ia 450 001 996396555203316 005 20221107212031.0 035 $a(CKB)4330000000349758 035 $a(EEBO)2264204498 035 $a(OCoLC)09981141 035 $a(EXLCZ)994330000000349758 100 $a19831004d1694 uy | 101 0 $aeng 135 $aurbn||||a|bb| 200 10$aSome observations made upon the Bengala bean imported from the Indies$b[electronic resource] $eshewing its admirable virtues in curing all sorts of hemorrages, and particularly spitting of blood /$fwritten by a doctor of physick in the countrey to one of his patients in London 210 $a[London $cs.n.]$d1694 215 $a7 p 300 $aAttributed also to John Pechey--NUC pre-1956 imprints. 300 $aReproduction of original in the British Library. 330 $aeebo-0018 606 $aHemorrhage$vEarly works to 1800 606 $aTherapeutics$vEarly works to 1800 615 0$aHemorrhage 615 0$aTherapeutics 700 $aPeachi$b John$ffl. 1683.$01001833 701 $aPechey$b John$f1655-1716.$01001834 801 0$bUMI 801 1$bUMI 801 2$bWaOLN 906 $aBOOK 912 $a996396555203316 996 $aSome observations made upon the Bengala bean imported from the Indies$92334657 997 $aUNISA LEADER 02986nam 2200733 450 001 9910131638103321 005 20230621135620.0 035 $a(CKB)3710000000477944 035 $a(SSID)ssj0001679760 035 $a(PQKBManifestationID)16490563 035 $a(PQKBTitleCode)TC0001679760 035 $a(PQKBWorkID)15015254 035 $a(PQKB)11621516 035 $a(oapen)https://directory.doabooks.org/handle/20.500.12854/81366 035 $a(EXLCZ)993710000000477944 100 $a20160829d2015 uy 0 101 0 $afre 135 $au|cu#---|uuuu 181 $ctxt$2rdacontent 182 $cc$2rdamedia 183 $acr$2rdacarrier 200 14$aLes arbres utiles du Gabon /$fQuentin Meunier, Carl Moumbogou, Jean-Louis Doucet 210 $aGembloux$cUliège Library$d2015 210 31$aFrance :$cLes Presses agronomiques de Gembloux,$d2015 215 $a1 online resource (340 pages) $cillustrations (colour); digital, PDF file(s) 300 $aBibliographic Level Mode of Issuance: Monograph 311 08$aPrint version: 9782870161340 320 $aIncludes bibliographical references. 330 $aThe Gabonese forest includes several hundred species of trees. A handful are well known, many are far less so, and some are still anonymous. This guide takes you to discover 37 botanical families and 225 species, of which more than 140 are illustrated. It allows you to identify and learn more about them using simple diagrams and nearly 1,000 colour photographs of botanical details. For the more experienced, new data concerning ecology will consolidate their knowledge. The objective of this work is the sharing and popularization of knowledge, so that the agents of the administrations in charge of forests, just like the loggers or the local populations, can better understand and manage these useful species. 606 $aTrees$xUtilization$zGabon 606 $aTrees$xGeographical distribution$zGabon 606 $aTrees$zGabon 606 $aPlants, Useful$zGabon 606 $aForest plants$zGabon 606 $aPlants$zGabon 606 $aPlant Geography$2HILCC 606 $aBotany$2HILCC 606 $aEarth & Environmental Sciences$2HILCC 610 $aGabon 610 $aProjet DACEFI 2 610 $aFlore 610 $aSystématique 610 $aUsage 610 $aEcologie 610 $aGuide d'identification 610 $aArbres utiles 615 0$aTrees$xUtilization 615 0$aTrees$xGeographical distribution 615 0$aTrees 615 0$aPlants, Useful 615 0$aForest plants 615 0$aPlants 615 7$aPlant Geography 615 7$aBotany 615 7$aEarth & Environmental Sciences 700 $aMeunier$b Quentin$0908416 702 $aMoumbogou$b Carl 702 $aDoucet$b Jean-Louis 801 0$bPQKB 801 2$bUkMaJRU 906 $aBOOK 912 $a9910131638103321 996 $aLes arbres utiles du Gabon$92031792 997 $aUNINA